[Event "Graz Land-ch"]
[Site "Graz"]
[Date "2014.09.12"]
[Round "5"]
[White "Antenreiter, Martin"]
[Black "Kristoferitsch, Daniel"]
[Result "0-1"]
[WhiteElo "1660"]
[BlackElo "1541"]
[PlyCount "74"]
[EventDate "2014.09.08"]
[EventType "swiss"]
[EventRounds "7"]
[EventCountry "AUT"]
[SourceTitle "CBM 162 Extra"]
[Source "ChessBase"]
[SourceDate "2014.10.17"]
[SourceVersion "1"]
[SourceVersionDate "2014.10.17"]
[SourceQuality "1"]

1. c4 c6 2. g3 Nf6 3. Bg2 e6 4. e4 d5 5. cxd5 exd5 6. e5 Nfd7 7. d4 Bb4+ 8. Bd2 Bxd2+ 9. Qxd2 0-0 10. Nc3 Nb6 11. b3 Be6 12. Nge2 Nc8 13. 0-0 Na6 14. h3 Nc7 15. Kh2 Ne7 16. f4 h5 17. Nd1 Nf5 18. Ne3 g6 19. Rg1 Kg7 20. Bf3 Rh8 21. Nxf5+ Bxf5 22. g4 hxg4 23. Bxg4 Bxg4 24. Rxg4 Kf8 25. Rag1 a5 26. Qc2 Qd7 27. R1g3 Ne8 28. Kg2 Ng7 29. Kf2 Nf5 30. Rf3 Ne7 31. Kg2 Qf5 32. Qc1 Qe4 33. Ng3 Qxd4 34. e6 Nf5 35. exf7 Nh4+ 36. Rxh4 Rxh4 37. Ne2 Qf6 0-1

[Event "Graz Land-ch"]
[Site "Graz"]
[Date "2014.09.11"]
[Round "4"]
[White "Korat, Franz"]
[Black "Antenreiter, Martin"]
[Result "1-0"]
[WhiteElo "1933"]
[BlackElo "1660"]
[PlyCount "48"]
[EventDate "2014.09.08"]
[EventType "swiss"]
[EventRounds "7"]
[EventCountry "AUT"]
[SourceTitle "CBM 162 Extra"]
[Source "ChessBase"]
[SourceDate "2014.10.17"]
[SourceVersion "1"]
[SourceVersionDate "2014.10.17"]
[SourceQuality "1"]

1. d4 Nf6 2. Nf3 e6 3. c4 b6 4. Nc3 Bb7 5. e3 Be7 6. Bd3 d5 7. cxd5 exd5 8. 0-0 0-0 9. Qc2 Na6 10. a3 c5 11. b3 Rc8 12. Bf5 Ra8 13. Bb2 g6 14. Bh3 Ne4 15. Rac1 f5 16. Nb5 g5 17. g4 Qd7 18. Qe2 fxg4 19. Ne5 Qe8 20. Bxg4 Nf6 21. Be6+ Kg7 22. f4 g4 23. f5 Qh5 24. Rf4 Qh6 1-0